La despenalización del aborto /

Libro que presenta trabajos de orden jurídico-penal y religioso sobre el estado actual del delito de aborto en la ley española. Los autores, en general, abogan por la despenalización del aborto aludiendo a los derechos de la persona y a determinadas circunstancias por las que éste se daría; el único...

תיאור מלא

שמור ב:
מידע ביבליוגרפי
מחבר ראשי: Mir Puig, Santiago (ed.)
פורמט: ספר
שפה:ספרדית
סדרה:(Derecho Universidad Autónoma de Barcelona)
נושאים:
תגים: הוספת תג
אין תגיות, היה/י הראשונ/ה לתייג את הרשומה!

MARC

LEADER 00000nam^a2200000^a^4500
001 000183777
005 20250521000000.0
009 20260310102051.572
037 |a Acervo ITESO - Biblioteca 
041 |a ESP 
082 |a 364. 185  |b MIR 
100 |a Mir Puig, Santiago  |e (ed.) 
245 1 3 |a La despenalización del aborto /  |c Ed. de S. Mir. 
264 |a Barcelona, España :  |b Universidad Autónoma de Barcelona,  |c 1983 
300 |a 153 p. 
336 |a texto  |b txt  |2 rdacontenido 
337 |a sin mediación  |b n  |2 rdamedio 
338 |a volumen  |b nc  |2 rdasoporte 
440 1 |a (Derecho Universidad Autónoma de Barcelona) 
520 |a Libro que presenta trabajos de orden jurídico-penal y religioso sobre el estado actual del delito de aborto en la ley española. Los autores, en general, abogan por la despenalización del aborto aludiendo a los derechos de la persona y a determinadas circunstancias por las que éste se daría; el único punto bajo polémica es la amplitud que en materia de derecho ha de otorgarse a la disculpa del cargo. 
649 |a XX 
650 |a Aborto -  |z España -  |x Aspectos Jurídicos 
650 |a Aborto -  |z España -  |x Aspectos Eticos 
650 |a Derecho a la Vida -  |z España 
650 |a Derecho a la Salud -  |z España 
650 |a Derechos Humanos -  |z España 
650 |a Derecho de las Personas -  |z España 
650 |a Problemas Sociales -  |z España 
910 |a Fondo General 
920 |a Impresos - Libros 
930 |a Colección General 
905 |a 101 
901 |a 0500124559  |b IT1  |c ACC  |u 20250521 
902 |a https://opac.biblio.iteso.mx/vufind/Record/000183777